| 000 | 00597nam a2200181Ia 4500 | ||
|---|---|---|---|
| 008 | 100917s9999 xx 000 0 und d | ||
| 082 | _b30920 | ||
| 100 | _aटोळ दत्ता श्री. | ||
| 245 | _aविज्ञान गंमत कथा | ||
| 260 |
_bअरगडे, कुलकर्णी प्रकाशन _c1972 |
||
| 300 | _a68 | ||
| 365 | _b2 | ||
| 520 | _aबालविभाग | ||
| 630 | _aविज्ञान गंमत कथा | ||
| 650 | _aबालविभाग | ||
| 730 | _aविज्ञान गंमत कथा | ||
| 942 | _cBOOK | ||
| 999 |
_c636314 _d636311 |
||